000 00763nam a2200217Ia 4500
999 _c4314
_d4314
020 _a81-212-0626-X
082 _aRR 305.40954 ARY-I
100 _aArya, Anita
245 0 _aIndian women
260 _aNew Delhi
_bGyan Publishing House
_c2000
300 _axv, 275
500 _acontents: 3 Vols. Vol.1 (Society and law), (xv, 275p.) - v.2 (Education and empowerment), (xvi, 280p.) - v.3 (Work and development), (xvi, 456p.)
504 _aincludes index
650 _aWomen
_vEducation
_vLaw and legislation
_vIndia
650 _aWomen in mass media
_vIndia
650 _aWomen
_vHealth and hygiene
_vIndia
650 _aWomen in politics
_vIndia
650 _aWomen
_vIndia
_vSocial conditions
650 _aWomen
_vEconomic conditions
_vIndia
942 _cBK
_2ddc